Statystyki dla Pełny Piórnik

Kliknij tutaj aby rozwiązać quiz!

Ogólne statystyki

  • Ten quiz został rozwiązany 61 razy
    (34 od ostatniego zresetowania)
  • Średni wynik to 9 z 14

Statystyki odpowiedzi

LiczbaRzecz% Poprawnych
poj.Długopis / Pióro
100%
poj.Gumka
96%
mno.Kredki
96%
poj.Ołówek
96%
poj.Linijka / Liniał
89%
poj.Cyrkiel
78%
poj.Ekierka
67%
poj.Kątomierz
67%
poj.Klej
67%
poj.Nożyczki
56%
poj.Taśma
33%
poj.Zakreślacz
33%
mno.Pisaki
30%
poj.Ostrzałka
7%

Rozkład punktacji

Percentyl według liczby udzielonych odpowiedzi

Procent ludzi z każdym wynikiem

Twoja historia wyników

Nie rozwiązałeś tego quizu od ostatniego zresetowania